000 00616nam a2200181 a 4500
001 000021313
005 20200930011307.0
008 100904s1970 ve ac r 000 0 spa d
040 _aDO-SdBNP
_bspa
_cBNPHU
082 _a398.2
_bC582w
100 1 _aCivrieux, Jean-Marc de,
_944538
245 1 0 _aWatunna :
_bmitología makiritare /
_cMarc de Civrieux.
260 _aCaracas, (venezuela) :
_bMonte Ávila Editores,
_c1970.
300 _a236, [14] p. :
_bil., retrs. ;
_c24 cm.
650 4 _aMitología indígena
_xHistoria
_zVenezuela
_944539
650 4 _aReligión primitiva
_xHistoria
_zVenezuela
_944540
049 _aBNGR
999 _c20813
_d20813